The Christian counselor's handbook. (Record no. 1870)
[ view plain ]
| 000 -LEADER | |
|---|---|
| fixed length control field | 00528nam a22001932 4500 |
| 001 - CONTROL NUMBER | |
| control field | 0000001120 |
| 005 - DATE AND TIME OF LATEST TRANSACTION | |
| control field | 20151217145722.0 |
| 008 - FIXED-LENGTH DATA ELEMENTS--GENERAL INFORMATION | |
| fixed length control field | 070226s xx 000 0 eng d |
| 020 ## - INTERNATIONAL STANDARD BOOK NUMBER | |
| International Standard Book Number | 0842302567 : |
| Terms of availability | GBP 16.99 |
| 040 ## - CATALOGING SOURCE | |
| Original cataloging agency | KABU |
| Transcribing agency | KABU |
| 050 #0 - LIBRARY OF CONGRESS CALL NUMBER | |
| Classification number | BV4012.2 |
| Item number | .C47 |
| 245 14 - TITLE STATEMENT | |
| Title | The Christian counselor's handbook. |
| 260 ## - PUBLICATION, DISTRIBUTION, ETC. (IMPRINT) | |
| Place of publication, distribution, etc. | Virginia Beach : |
| Name of publisher, distributor, etc. | CBN, |
| Date of publication, distribution, etc. | 1987. |
| 300 ## - PHYSICAL DESCRIPTION | |
| Extent | 191 p. |
| 650 #0 - SUBJECT ADDED ENTRY--TOPICAL TERM | |
| Topical term or geographic name as entry element | Pastoral counseling. |
| -- | 0000149278 |
| 908 ## - PUT COMMAND PARAMETER (RLIN) | |
| Put command parameter | 070226 |
| 950 ## - LOCAL HOLDINGS (RLIN) | |
| -- | 1 |
| Withdrawn status | Lost status | Source of classification or shelving scheme | Not for loan | Home library | Current library | Date acquired | Total Checkouts | Full call number | Barcode | Date last seen | Price effective from | Koha item type | Damaged status | Date last checked out |
|---|---|---|---|---|---|---|---|---|---|---|---|---|---|---|
| Library of Congress Classification | Kabarak, Main Campus | Kabarak, Main Campus | 17/12/2015 | BV4012.2 .C47 | 000672 | 17/12/2015 | 17/12/2015 | General Collection | ||||||
| Lost and Paid For | Library of Congress Classification | Kabarak, Main Campus | Kabarak, Main Campus | 17/12/2015 | 1 | BV4012.2 .C47 | 000671 | 01/11/2016 | 17/12/2015 | General Collection | 06/10/2016 |